Statistics for Most Populous JetPunk Empires

Click here to take the quiz!

General Stats

  • This quiz has been taken 39 times
    (17 since last reset)
  • The average score is 7 of 10

Answer Stats

PopulationLeaderEmpire% Correct
446 millionTheNatureThreadChilefornia
80%
1.402 BillionCathleteImperium Sanctus
80%
286 millionMcKenzieFamBlaze
73%
2.007 BillionAficionadoGreater Indian
73%
297 millionMG17Minas Gerais
73%
590 millionTheQuizzerBrosPalapyan/Botswanan
73%
359 millionMiecraftManVeggie Caliphate
73%
459 millionGeoproGreat Southern
67%
437 millionThegoatisgoatyMacedonian
67%
387 millionTurnbacktwoMed-Atlantic
67%

Score Distribution

Percentile by Number Answered

Percent of People with Each Score

Your Score History

You have not taken this quiz since the last reset